Strangeways, Here We Come Tracklist (The Smiths) - Statistics

General Stats
  • This quiz has been taken 10 times
  • The average score is 8 of 10
Answer Stats
Hint Answer % Correct
4 Girlfriend In A Coma
100%
5 Stop Me If You Think You've Heard This One Before
100%
1 A Rush And A Push And The Land Is Ours
90%
10 I Won't Share You
90%
3 Death Of A Disco Dancer
80%
7 Unhappy Birthday
80%
2 I Started Something I Couldn't Finish
70%
8 Paint A Vulgar Picture
70%
9 Death At One's Elbow
60%
6 Last Night I Dreamt That Somebody Loved Me
60%
No matching quizzes found
Score Distribution
Percent of People with Each Score
Percentile by Number Answered
Your Score History
You have not taken this quiz